| 000 | 00581nam a2200181Ia 4500 | ||
|---|---|---|---|
| 001 | 2558 | ||
| 005 | 20260306144816.0 | ||
| 008 | 260306t2017||||xx |||||||||||||| ||spa|| | ||
| 041 | _aESP | ||
| 082 |
_a616.89142 _bM524 |
||
| 100 |
_aMckay, Matthew _eAUT |
||
| 245 | 0 |
_aManual práctico de terapia dialéctico conductual: _bejercicios prácticos de TDC para aprendizaje de mindfulness, eficacia interpersonal, regulación emocional y tolerancia a la angustia |
|
| 260 | _c2017 | ||
| 300 |
_a334 páginas : _c21 cm. |
||
| 650 | _aGEN | ||
| 654 | _aCPS | ||
| 942 |
_cLIB _dJUS _fJUS _2ddc _n |
||
| 999 |
_c2558 _d2558 |
||